Sports Quiz

Random Sports Quiz
Score 0/36 Timer 06:00
0 Plays Today
Season Player % Correct
1997/98Michael Owen
94.7%
2004/05Wayne Rooney
94.2%
2005/06Wayne Rooney
94.2%
2000/01Steven Gerrard
87.8%
2006/07Cristiano Ronaldo
87.8%
1996/97David Beckham
87.3%
1991/92Ryan Giggs
85.7%
1992/93Ryan Giggs
85.7%
2007/08Cesc Fabregas
85.7%
2008/09Ashley Young
84.7%
1994/95Robbie Fowler
83.6%
1995/96Robbie Fowler
83.6%
2003/04Scott Parker
76.2%
1999/2000Harry Kewell
70.4%
1993/94Andy Cole
67.7%
1989/90Matthew Le Tissier
66.7%
1998/99Nicolas Anelka
60.8%
1986/87Tony Adams
59.8%
Season Player % Correct
1984/85Mark Hughes
50.8%
1982/83Ian Rush
48.7%
1990/91Lee Sharpe
48.7%
1976/77Andy Gray
41.8%
2002/03Jermaine Jenas
40.7%
1987/88Paul Gascoigne
37.6%
2001/02Craig Bellamy
37.6%
1979/80Glenn Hoddle
37%
1988/89Paul Merson
34.9%
1985/86Tony Cottee
27%
1975/76Peter Barnes
25.9%
1978/79Cyrille Regis
25.9%
1980/81Gary Shaw
16.4%
1977/78Tony Woodcock
14.8%
1983/84Paul Walsh
14.3%
1973/74Kevin Beattie
13.8%
1981/82Steve Moran
10.1%
1974/75Mervyn Day
6.9%
Remove Ads.
Support Sporcle.
Get the best of Sporcle when you Go Orange. This ad-free experience offers more features, more stats, and more fun while also helping to support Sporcle. Thank you for becoming a member.

You're not logged in!

Compare scores with friends on all Sporcle quizzes.
OR
Log In

Show Comments

Extras

Top Quizzes Today


Score Distribution

Your Account Isn't Verified!

In order to create a playlist on Sporcle, you need to verify the email address you used during registration. Go to your Sporcle Settings to finish the process.

Report this User

Report this user for behavior that violates our Community Guidelines.

Details: